Readings from futures : A Collection of Articles from the Journal futures, 1974-80
This article looks at 16 recent studies of global futures and examines their conslusions within a sociopolitical framework.
Enregistré dans:
| Format: | Livre |
|---|---|
| Langue: | Undetermined |
| Publié: |
[London]
Westbury House
1981
|
| Sujets: | |
| Tags: |
Ajouter un tag
Pas de tags, Soyez le premier à ajouter un tag!
|
| Thư viện lưu trữ: | Trung tâm Học liệu Trường Đại học Cần Thơ |
|---|
| LEADER | 00731nam a2200205Ia 4500 | ||
|---|---|---|---|
| 001 | CTU_220005 | ||
| 008 | 210402s9999 xx 000 0 und d | ||
| 082 | |a 909.82 | ||
| 082 | |b R287 | ||
| 245 | 0 | |a Readings from futures : | |
| 245 | 2 | |b A Collection of Articles from the Journal futures, 1974-80 | |
| 245 | 0 | |c Edited by Ralph Jones | |
| 260 | |a [London] | ||
| 260 | |b Westbury House | ||
| 260 | |c 1981 | ||
| 520 | |a This article looks at 16 recent studies of global futures and examines their conslusions within a sociopolitical framework. | ||
| 650 | |a History, modern,Futures,Lịch sử hiên đại,Tương lai | ||
| 650 | |y 1945-,1945- | ||
| 904 | |i Qhieu | ||
| 980 | |a Trung tâm Học liệu Trường Đại học Cần Thơ | ||